000
00284 a2200145 4500
001
163988
020
_a
040
_c
Magnum
100
_a
-
240
1
0
_a
Lebrinha e lebrete
_l
por
245
1
0
_a
Lebrinha e lebrete
362
0
_a
1899
697
_a
I/FADAS, FANTASIA
942
_c
BK
999
_c
163988
_d
163988